00309nam a2200121Ia 4500008004100000041000800041082001400049100002100063245002900084260004300113300002400156365000700180240624s9999 xx 000 0 und d aeng a658.3 McG aMCGREGOR DOUGLAS aHUMAN SIDE OF ENTERPRISE c2006aNew DelhibMcGraw Hill Companies a423 : p. : cm. ; 28 cRS